| 000 | 00629nam a2200229Ia 4500 | ||
|---|---|---|---|
| 003 | OSt | ||
| 005 | 20221005115220.0 | ||
| 006 | a|||||r|||| 00| 0 | ||
| 007 | ta | ||
| 008 | 221004b |||||||| |||| 00| 0 eng d | ||
| 024 | _a32186 | ||
| 037 | _cTextual | ||
| 040 |
_aCRL _cCRL _beng |
||
| 041 |
_2eng _aeng |
||
| 082 | _aMB1, H7 | ||
| 100 |
_aHartree D R _9627270 |
||
| 245 | 0 |
_aCalculating machines _b recent and prospective developments and their impact on mathematical Physics, etc |
|
| 260 | _c1947 | ||
| 650 | _aINDUSTRIAL ARTS | ||
| 942 |
_hMB1, H7 _cTEXL _2cc |
||
| 999 |
_c1033814 _d1033814 |
||